| 000 | 00948nam a22002057a 4500 | ||
|---|---|---|---|
| 999 |
_c20806 _d20806 |
||
| 003 | AR-CdUCM | ||
| 008 | 190304b ||||| |||| 00| 0 spa d | ||
| 040 |
_aMUNICIPALIDAD PROVINCIAL DEL CUSCO _cBIBLIOTECA MUNICIPAL DEL CUSCO |
||
| 082 |
_a353.85 / _bC29 |
||
| 100 |
_aCastañeda Santos, Victoriano _98545 |
||
| 245 | _aCompendio actualizado de dispositivos legales sobre bienes patrimoniales - 2001 / | ||
| 260 |
_aLima : _bPrint pacific, _c2001. |
||
| 300 |
_a679 páginas ; _c20 cm. |
||
| 505 | _aContenido: Relación de algunos dispositivos legales sobre determinación de responsabilidad administrativa, civil y penal, referente a bienes patrimoniales -- Qué se entiende por responsabilidad administrativa -- Qué se entiende por responsabilidad civil... | ||
| 650 |
_aBienes patrimoniales _943454 |
||
| 650 |
_aDispositivos legales _943455 |
||
| 650 |
_aAdministración civil _943456 |
||
| 942 |
_2ddc _cLIBROS |
||
| 945 |
_aAndy _d2019-03-04 |
||